A TEXTBOOK OF PHYSICAL PHARMACEUTICS - I [SEM-III] 6TH. ED. (Record no. 8450)

MARC details
000 -LEADER
fixed length control field 00447nam a22001697a 4500
005 - DATE AND TIME OF LATEST TRANSACTION
control field 20231103134810.0
008 - FIXED-LENGTH DATA ELEMENTS--GENERAL INFORMATION
fixed length control field 231103b |||||||| |||| 00| 0 eng d
020 ## - INTERNATIONAL STANDARD BOOK NUMBER
ISBN 978-93-87686-87-8
041 ## - LANGUAGE CODE
Language code of text/sound track or separate title eng
082 ## - DEWEY DECIMAL CLASSIFICATION NUMBER
Classification number 615.1
100 ## - MAIN ENTRY--AUTHOR NAME
Personal name JAGTAP, DR. VAIBHAKUMAR A. AND OTHERS
245 ## - TITLE STATEMENT
Title A TEXTBOOK OF PHYSICAL PHARMACEUTICS - I [SEM-III] 6TH. ED.
250 ## - EDITION STATEMENT
Edition statement 6TH, ED. 2022
300 ## - PHYSICAL DESCRIPTION
Number of Pages 5-14;p
650 ## - SUBJECT ADDED ENTRY--TOPICAL TERM
Topical Term PHARMACY
942 ## - ADDED ENTRY ELEMENTS (KOHA)
Koha item type Books
Holdings
Lost status Damaged status Collection code Home library Current library Shelving location Date acquired Source of acquisition Cost, normal purchase price Full call number Accession Number Koha item type
    PHARMACY JRU Library JRU Library Shelf - 23- D 03/11/2023 PURCHASE [LBI000224/29-10-2023] 350.00 615.1 28076 Books
    PHARMACY JRU Library JRU Library Shelf - 23- D 03/11/2023 PURCHASE [LBI000224/29-10-2023] 350.00 615.1 28077 Books
    PHARMACY JRU Library JRU Library Shelf - 22- H 03/11/2023 PURCHASE [LBI000224/29-10-2023] 350.00 615.1 28078 Books
    PHARMACY JRU Library JRU Library Shelf - 23- D 03/11/2023 PURCHASE [LBI000224/29-10-2023] 350.00 615.1 28079 Books
    PHARMACY JRU Library JRU Library Shelf - 23- D 03/11/2023 PURCHASE [LBI000224/29-10-2023] 350.00 615.1 28080 Books